000 00307nam a22001337a 4500
008 230907b ||||| |||| 00| 0 eng d
041 _aeng
080 _a51
082 _a51NEW
100 _a22
101 _aMATEM
245 _aUNPUBLISHED SCIENTIFIC PAPERS OF ISAAC NEWTON
_cNEWTON .I
942 _2udc
_cBK
999 _c60269
_d60269